[Event "GER Pfingstopen U16"]
[Site "Playchess.com INT"]
[Date "2020.06.05"]
[Round "4"]
[White "Moeller, Maurin"]
[Black "Koll, Linus"]
[Result "0-1"]
[WhiteElo "1512"]
[BlackElo "1688"]
[PlyCount "98"]
[EventDate "2020.06.05"]
[EventType "swiss (blitz)"]
[EventRounds "11"]
[EventCountry "GER"]
[SourceTitle "CBM 197 Extra"]
[Source "ChessBase"]
[SourceDate "2020.09.30"]
[SourceVersion "1"]
[SourceVersionDate "2020.09.30"]
[SourceQuality "1"]

1. e4 c5 2. Nc3 g6 3. f4 Bg7 4. Nf3 d6 5. d3 e6 6. g3 Ne7 7. Bg2 0-0 8. 0-0 Nbc6 9. Qe2 Rb8 10. a4 a6 11. Qf2 b5 12. axb5 axb5 13. Kh1 Nd4 14. Be3 Nxf3 15. Bxf3 b4 16. Nd1 Nc6 17. e5 Nd4 18. exd6 Nxf3 19. Qxf3 Bb7 20. Bxc5 Bxf3+ 21. Rxf3 Qc8 22. d4 Qc6 23. Kg2 Rfd8 24. Kf2 Bf8 25. Ne3 Bxd6 26. Bxd6 Rxd6 27. b3 Rxd4 28. Nc4 Rxc4 29. bxc4 Qxc4 30. Re3 Qxc2+ 31. Re2 Qc5+ 32. Re3 b3 33. Rb1 b2 34. Kf3 Qd5+ 35. Kf2 Rb3 36. Ree1 Qf3+ 37. Kg1 Re3 38. Rf1 Qe2 39. Rf2 Qe1+ 40. Rf1 Qc3 41. Kg2 Re2+ 42. Kh3 Qc2 43. Rh1 h5 44. g4 hxg4+ 45. Kxg4 Qf5+ 46. Kf3 Qd3+ 47. Kg4 Rg2+ 48. Kh4 g5+ 49. fxg5 Qh7# 0-1

[Event "GER Pfingstopen U16"]
[Site "Playchess.com INT"]
[Date "2020.06.05"]
[Round "11"]
[White "Moeller, Maurin"]
[Black "Ruddat, Jarne"]
[Result "1-0"]
[WhiteElo "1554"]
[BlackElo "1570"]
[PlyCount "90"]
[EventDate "2020.06.05"]
[EventType "swiss (blitz)"]
[EventRounds "11"]
[EventCountry "GER"]
[SourceTitle "CBM 197 Extra"]
[Source "ChessBase"]
[SourceDate "2020.09.30"]
[SourceVersion "1"]
[SourceVersionDate "2020.09.30"]
[SourceQuality "1"]

1. e4 c5 2. Nc3 g6 3. f4 Bg7 4. Nf3 d6 5. d3 Nc6 6. g3 Bg4 7. Bg2 Nd4 8. 0-0 e6 9. a4 Ne7 10. h3 Nxf3+ 11. Bxf3 Bxf3 12. Qxf3 0-0 13. g4 d5 14. e5 Qb6 15. a5 Qc7 16. h4 Nc6 17. h5 Nd4 18. Qg2 f6 19. exf6 Bxf6 20. g5 Bg7 21. h6 Bh8 22. a6 b6 23. Kh1 Nf5 24. Re1 Rae8 25. Nb5 Qd7 26. c4 dxc4 27. dxc4 Qd3 28. Nxa7 Qxc4 29. Nc6 Ra8 30. a7 Rfc8 31. Nb8 Qd5 32. Qxd5 exd5 33. Nd7 Kf7 34. Nxb6 Rd8 35. Nxa8 Rxa8 36. Ra5 Bd4 37. Ra6 Ng3+ 38. Kg2 Ne4 39. Kf3 Ke7 40. Be3 Bxb2 41. Bxc5+ Kd7 42. Ba3 Nd2+ 43. Ke2 Bc3 44. Rd1 Nc4 45. Rxd5+ Kc7 1-0

[Event "GER Pfingstopen U12"]
[Site "Playchess.com INT"]
[Date "2020.06.02"]
[Round "5"]
[White "Moeller, Maurin"]
[Black "Burkart, Lloyd Shang"]
[Result "1/2-1/2"]
[WhiteElo "1319"]
[BlackElo "1897"]
[PlyCount "62"]
[EventDate "2020.06.02"]
[EventType "swiss (blitz)"]
[EventRounds "11"]
[EventCountry "GER"]
[SourceTitle "CBM 197 Extra"]
[Source "ChessBase"]
[SourceDate "2020.09.30"]
[SourceVersion "1"]
[SourceVersionDate "2020.09.30"]
[SourceQuality "1"]

1. e4 c5 2. Nc3 d6 3. f4 Nc6 4. Nf3 g6 5. d3 Bg7 6. g3 e6 7. Bg2 Nge7 8. 0-0 0-0 9. Kh1 a6 10. a4 Rb8 11. Qe2 b5 12. axb5 axb5 13. Qf2 b4 14. Ne2 Bb7 15. h3 Ra8 16. Rxa8 Qxa8 17. c3 Qa2 18. g4 bxc3 19. bxc3 Ba6 20. Ne1 Rb8 21. f5 exf5 22. exf5 f6 23. c4 Nd4 24. Nxd4 Qxf2 25. Rxf2 cxd4 26. Rb2 Rxb2 27. Bxb2 gxf5 28. Bxd4 fxg4 29. hxg4 f5 30. Bxg7 Kxg7 31. gxf5 Nxf5 1/2-1/2

[Event "GER Pfingstopen U12"]
[Site "Playchess.com INT"]
[Date "2020.06.02"]
[Round "4"]
[White "Moeller, Maurin"]
[Black "Geist, Tim"]
[Result "1-0"]
[WhiteElo "1288"]
[BlackElo "1620"]
[PlyCount "43"]
[EventDate "2020.06.02"]
[EventType "swiss (blitz)"]
[EventRounds "11"]
[EventCountry "GER"]
[SourceTitle "CBM 197 Extra"]
[Source "ChessBase"]
[SourceDate "2020.09.30"]
[SourceVersion "1"]
[SourceVersionDate "2020.09.30"]
[SourceQuality "1"]

1. e4 e6 2. d4 d5 3. Nd2 Nf6 4. e5 Nfd7 5. Bd3 c5 6. c3 Nc6 7. Ne2 f6 8. exf6 Nxf6 9. Nf3 Be7 10. 0-0 0-0 11. Re1 Ne4 12. Nf4 cxd4 13. cxd4 Bb4 14. Re2 g5 15. Nh5 g4 16. Bxe4 dxe4 17. Bg5 gxf3 18. Bxd8 fxe2 19. Qxe2 Rxd8 20. Qg4+ Kf8 21. Qg7+ Ke8 22. Nf6# 1-0

[Event "GER Pfingstopen U12"]
[Site "Playchess.com INT"]
[Date "2020.06.02"]
[Round "9"]
[White "Moeller, Maurin"]
[Black "Zobel, Christian Erik"]
[Result "1-0"]
[WhiteElo "1391"]
[BlackElo "1620"]
[PlyCount "123"]
[EventDate "2020.06.02"]
[EventType "swiss (blitz)"]
[EventRounds "11"]
[EventCountry "GER"]
[SourceTitle "CBM 197 Extra"]
[Source "ChessBase"]
[SourceDate "2020.09.30"]
[SourceVersion "1"]
[SourceVersionDate "2020.09.30"]
[SourceQuality "1"]

1. e4 e5 2. Nf3 Nf6 3. Nxe5 d6 4. Nf3 Nxe4 5. Nc3 Nxc3 6. dxc3 Nc6 7. Bd3 Bg4 8. 0-0 Be7 9. Re1 0-0 10. h3 Bh5 11. Bf4 Bf6 12. Be2 Qd7 13. Nd4 Bxe2 14. Rxe2 Rfe8 15. Rxe8+ Rxe8 16. Qd2 Nxd4 17. cxd4 Qe7 18. c3 Qe2 19. Rd1 Qxd2 20. Bxd2 Kf8 21. Kf1 c6 22. Bf4 Re6 23. d5 cxd5 24. Rxd5 Ke7 25. Be3 b6 26. a4 Kd7 27. a5 Kc6 28. Rh5 h6 29. axb6 axb6 30. Ke2 Bg5 31. Kd3 g6 32. Rxg5 hxg5 33. Bxg5 Kb5 34. b3 Re5 35. Be3 Kc6 36. h4 Rf5 37. g3 Rd5+ 38. Bd4 Ra5 39. Kc4 d5+ 40. Kd3 Ra3 41. Kc2 Ra2+ 42. Kd3 Ra6 43. Kd2 Kd6 44. Kd3 Ke6 45. b4 b5 46. Ke3 Kf5 47. Kf3 Ra3 48. g4+ Ke6 49. Kf4 f5 50. h5 gxh5 51. gxf5+ Kf7 52. Kg5 Ra6 53. Kxh5 Rc6 54. Kg5 Rc8 55. f6 Rg8+ 56. Kf5 Rg6 57. Ke5 Rg5+ 58. Kd6 Rg8 59. Kxd5 Rb8 60. Kc6 Kf8 61. f4 Kf7 62. Be5 1-0